000 00740nam a2200217 i 4500
001 000010778
005 20200929162306.0
008 800213s1973 mx a b 000 0 spa
010 _a79122746
040 _aDO-SdBNP
_cDLC
_dDLC
043 _an------
_as------
_an-mx---
050 0 0 _aE59.C59
_bR64
100 1 _aRoldan, Dolores.
_926016
245 1 0 _aAspectos de poblacion, economia y comunicaciones en Preamerica /
_cinvestigacion, fotografias y dibujos de Dolores Roldan.
260 _aMexico :
_bEditorial Orion,
_c1973.
300 _a122 p. :
_bill. ;
_c24 cm.
504 _aBibliography: p. 119-122.
650 0 _aIndians
_xCommerce.
_926017
650 0 _aIndians of mexico
_xCommerce.
_926018
910 _aCatalogación por copia / LC
999 _c10530
_d10530